Science Quiz

Random Science or Biology Quiz
Score 0/15 Timer 03:00
0 Plays Today
Organ % Correct
Heart
99.6%
Eye
99.4%
Kidney
92.4%
Brain
87.7%
Colon
86.8%
Liver
85.2%
Lungs
82.1%
Small Intestine
68.8%
Organ % Correct
Esophagus
45%
Pancreas
42.1%
Spleen
40.3%
Appendix
29.8%
Thyroid
25.8%
Gallbladder
24.9%
Bladder
21.4%
Remove Ads.
Support Sporcle.
Get the best of Sporcle when you Go Orange. This ad-free experience offers more features, more stats, and more fun while also helping to support Sporcle. Thank you for becoming a member.

You're not logged in!

Compare scores with friends on all Sporcle quizzes.
OR
Log In

Show Comments

Extras

Top Quizzes Today


Score Distribution

Your Account Isn't Verified!

In order to create a playlist on Sporcle, you need to verify the email address you used during registration. Go to your Sporcle Settings to finish the process.

Report this User

Report this user for behavior that violates our Community Guidelines.

Details: